Statistics for Biggest Cities in Turkey - Extreme

Click here to take the quiz!

General Stats

  • This quiz has been taken 45 times
  • The average score is 30 of 105

Answer Stats

PopulationCity% Correct
14,025,646Istanbul
97%
4,587,558Ankara
97%
2,847,691İzmir
90%
955,573Antalya
87%
1,495,050Gaziantep
77%
1,854,285Bursa
72%
1,564,545Adana
69%
1,003,373Konya
67%
352,292Van
59%
313,355Batman
59%
511,601Samsun
56%
911,984Kayseri
56%
842,230Mersin
54%
614,310Diyarbakir
54%
617,215Eskişehir
54%
211,027Trabzon
51%
140,374Edirne
49%
384,344Erzurum
46%
282,984Sivas
44%
190,377Antakya
44%
96,503Rize
41%
94,316Alanya
41%
388,590Malatya
41%
465,748Şanlıurfa
41%
293,339İzmit
38%
492,815Denizli
36%
76,729Kars
36%
104,604Zonguldak
33%
82,449Mardin
33%
305,787Elâzığ
33%
384,953Kahramanmaraş
31%
120,021Bolu
31%
142,602Tekirdağ
31%
166,895Isparta
31%
94,762Çanakkale
31%
192,705Kırıkkale
31%
210,362Çorlu
31%
197,747Osmaniye
31%
210,822Çorum
31%
291,374Manisa
28%
90,827Giresun
28%
103,302Karabük
28%
282,444Gebze
28%
121,004Tokat
28%
212,444Kütahya
28%
173,397Uşak
28%
171,423Aksaray
28%
105,702Niğde
26%
179,425Aydın
26%
85,323Erzincan
26%
227,021Tarsus
26%
198,433Adıyaman
23%
135,878Ordu
23%
99,276Ağrı
23%
175,454İskenderun
23%
84,631Nevşehir
23%
259,157Balıkesir
23%
71,353Yozgat
23%
162,452İnegöl
21%
86,085Kastamonu
21%
170,455Afyonkarahisar
21%
86,667Amasya
21%
127,327Siirt
21%
132,064Karaman
21%
71,611Burdur
21%
79,690Kilis
18%
75,721Iğdır
18%
89,224Bingöl
18%
72,774Muş
18%
94,722Yalova
18%
70,299Fethiye
18%
117,800Turgutlu
18%
96,812Polatlı
18%
112,740Bandırma
18%
102,453Akhisar
18%
110,437Nazilli
18%
121,215Düzce
15%
105,826Kırşehir
15%
94,835Cizre
15%
102,856Siverek
15%
95,058Ereğli
13%
74,521Kozan
13%
104,542Ceyhan
13%
79,861Bafra
13%
129,713Gölcük
10%
100,790Lüleburgaz
10%
74,806Ünye
10%
399,022Adapazari
10%
123,762Kızıltepe
10%
78,964Kadirli
8%
126,616Körfez
8%
140,302Darıca
8%
96,304Salihli
8%
82,551Kartepe
8%
85,642Elbistan
8%
94,835Nizip
8%
82,494Çayırova
8%
119,704Derince
5%
83,832Nusaybin
5%
74,158Soma
5%
73,400Silopi
5%
73,330Ödemiş
5%
89,940Viranşehir
5%
81,903Manavgat
3%
99,298Karadeniz Ereğli
3%

Score Distribution

Percentile by Number Answered

Percent of People with Each Score

Your Score History

You have not taken this quiz